Sports Quiz

Random Sports or NFL Quiz

All the All-Pros: Arizona/St.Louis/Chicago Cardinals Quiz Stats

Quiz not verified by Sporcle

Challenge
Share
Tweet
Embed
Score 0/43 Timer 12:00
0 Plays Today
Times Player % Correct
1Larry Fitzgerald
93.7%
5Larry Wilson
72.4%
3Dan Dierdorf
71.8%
1Adrian Wilson
71.8%
1Eddie Anderson
67.8%
1Ottis Anderson
67.8%
2Aeneas Williams
66.7%
2Roy Green
63.2%
1David Boston
60.3%
1Bill Smith
47.1%
1Rob Moore
46.6%
3Roger Wehrli
46%
1Patrick Peterson
45.3%
1Neil Rackers
42.5%
2Ken Gray
39.1%
1Mel Gray
39.1%
5Ollie Matson
36.8%
3Ernie Nevers
36.2%
2Jim Bakken
35.6%
1Charlie Trippi
34.5%
1Dick Night-Train Lane
28.2%
1E.J. Junior
27.6%
Times Player % Correct
1Tom Banks
21.8%
4Jon (Paddy) Driscoll
18.4%
1Rich Camarillo
14.9%
1Sonny Randle
14.4%
1Vai Sikahema
14.4%
1Bobby Joe Conrad
13.2%
1Pat Fischer
13.2%
1Chuck Walker
12.6%
1Bob Young
12.6%
2Bob DeMarco
11.5%
1Jerry Norton
9.2%
1Walt Kiesling
3.4%
2Buster Ramsey
2.9%
1Frank McNally
1.7%
1Joe Kuharich
1.1%
1Mal Kutner
1.1%
1Gaynell Tinsley
1.1%
1Ralph Claypool
0.6%
1Tim Moynihan
0.6%
1Ed Rucinsky
0.6%
1Walt Ellis
0.6%

You're not logged in!

Compare scores with friends on all Sporcle quizzes.
Sign Up with Email
OR
Log In

You Might Also Like...

Show Comments

Extras

Top Quizzes Today


Score Distribution

Your Account Isn't Verified!

In order to create a playlist on Sporcle, you need to verify the email address you used during registration. Go to your Sporcle Settings to finish the process.